| 000 | 00464nam a2200133Ia 4500 | ||
|---|---|---|---|
| 008 | 250506s9999 xx 000 0 und d | ||
| 024 | _a00A-02-EE, 00A-18-EE, 00A-11-EE & 00A-27-EE | ||
| 082 | _a621.389072 ANW | ||
| 100 | _aAnwar Ahmed Khan, Mark Arnie, Syed Yasir Ahmed Shah & Mohd Yousuf Aslam | ||
| 245 | 0 | _aCommunication on 220V AC Power Line | |
| 260 |
_aKarachi: _bUIT, _c2000 |
||
| 600 | _aElectronic Engineering | ||
| 650 | _aBachelor of Engineering (BE) | ||
| 999 |
_c28080 _d28080 |
||